| 000 | 00874cam a2200265 4500 | ||
|---|---|---|---|
| 001 | 28963 | ||
| 003 | BD-RjUL | ||
| 005 | 20211209051343.0 | ||
| 008 | 140401m1967enk b 000 0 eng | ||
| 035 | _a(BD-RjUL)29047 | ||
| 040 |
_aDLC _cDLC _dDLC _beng |
||
| 041 | _aeng | ||
| 082 | 0 | 0 |
_a616.8917 _bGRT V-1 1967 |
| 100 | 1 |
_aGreenson, Ralph R. _q(Ralph Romeo), _d1911-1979. _988489 |
|
| 245 | 1 | 4 |
_aThe technique and practice of psychoanalysis _c[by] Ralph R. Greenson. |
| 260 |
_aLondon : _bHogarth P. and the Institute of Psycho-analysis, _c1967 |
||
| 300 |
_axv 452 p. : _c23 1/2 cm. |
||
| 504 | _aBibliography: p. 413-432. | ||
| 650 | 0 |
_aPsychoanalysis. _988491 |
|
| 710 | 2 |
_aInstitute of Psycho-analysis (Great Britain) _988492 |
|
| 942 |
_2ddc _cBK |
||
| 999 |
_c28963 _d28963 |
||